Barometer rodinných podnikov v Európe

Guardado en:
Detalles Bibliográficos
Autor principal: Krošláková, Monika, 1975-
Otros Autores: Begán, Rastislav
Formato: Libro
Lenguaje:eslovaco
Publicado: Bratislava KPMG Slovensko 2015
Edición:4. vyd.
Materias:
Etiquetas: Agregar Etiqueta
Sin Etiquetas, Sea el primero en etiquetar este registro!

MARC

LEADER 00000nlm a2200000 4500
001 0214533
005 20240502073603.7
041 0 |a slo 
044 |a SK 
245 1 0 |a Barometer rodinných podnikov v Európe  |c Monika Krošláková, Rastislav Begán 
250 |a 4. vyd. 
264 1 |a Bratislava  |b KPMG Slovensko  |c 2015 
300 |a online [9 s., 2 NS] 
610 2 0 |a podnikanie rodinné 
610 2 0 |a porovnanie medzinárodné 
100 1 |a Krošláková, Monika, 1975- 
700 1 |a Begán, Rastislav